02347cam a22003975a 45000010009000000050017000090080041000260200018000670400037000850430012001220820023001341000026001572450078001832600040002613000021003015000024003225040033003465050422003796500044008016500054008456500054008996500032009536510052009856510054010376510054010916510049011456530037011946550021012319420023012529990017012759520137012929520121014299520149015509520129016999520121018281738025020171010132746.0120705s2012 enk frb 001 0 eng d a9781844679614 aIEN/DLCcIENdDLCdEG-ScBUEbeng af-ua---04a322.50962bKAZ2221 aKandil, Hazem.93845710aSoldiers, spies, and statesmen :bEgypt's road to revolt /cHazem Kandil. aLondon ;aNew York :bVerso,c2012. a303 p. ;c24 cm. aIndex : p. 293-303. aBibliography : p. [273]-292.0 aPrelude : countdown to the July 1952 coup -- The dark side of militarism : the March 1954 crisis -- Two states within a state : the road to June 1967 -- Eradicating the centers of power : the corrective revolution of May 1971 -- Twilight of the generals : October 1973 and its discontents -- The long lull before the perfect storm : revolt in January 2011 -- On the threshold of power : the military after the revolt. 7aCivil-military relationszEgypt.2BUEsh 7aRevolutionszEgyptxHistoryy20th century.2BUEsh 7aRevolutionszEgyptxHistoryy21st century.2BUEsh 7aPolice powerzEgypt.2BUEsh 7aEgyptxArmed ForcesxPolitical activity.2BUEsh 7aEgyptxPolitics and governmenty1952-1970.2BUEsh 0aEgyptxPolitics and governmenty1970-1981.2BUEsh 7aEgyptxPolitics and governmenty1981-2BUEsh bBUSBOLcOctober2015cOctober2017 vText book933728 2ddck322.50962 KAZ c20876d20848 00102ddc40708BaccahaMAINbMAINc1STd2015-10-01ePurchasel1m12o322.50962 KAZp000030994r2025-07-15 00:00:00s2019-03-20yBB 00102ddc40708BaccahaMAINbMAINc1STd2015-10-01ePurchasel0o322.50962 KAZp000030995r2025-07-15 00:00:00yBB 00102ddc40708BaccahaMAINbMAINc1STd2015-10-01ePurchasel3m47o322.50962 KAZp000030996q2026-05-21r2025-12-06 00:00:00s2025-12-06yBB 00102ddc40708BaccahaMAINbMAINc1STd2017-10-10ePurchaseg390.00l0o322.50962 KAZp000042087r2025-07-15 00:00:00yNB 00102ddc40708BaccahaMAINbMAINc1STd2017-10-10ePurchasel0o322.50962 KAZp000042088r2025-07-15 00:00:00yNB